| 000 | 00555nam a22001697a 4500 | ||
|---|---|---|---|
| 003 | NUST | ||
| 038 | _aNusrat Nadeem | ||
| 082 | _a200 | ||
| 100 |
_aNaeem, Muhammad _9125996 |
||
| 245 |
_aDesign and Simulation of an AI-Assisted Autonomous UAV-Surveillance System / _cMuhammad Naeem, |
||
| 264 |
_aIslamabad; _bSEECS NUST; _c2024. |
||
| 300 |
_a103,p; _bill; _c30,cm. |
||
| 650 |
_aMS-Electrical Engineering _923567 |
||
| 700 |
_aSupervisor: Dr. Rizwan Ahmad _997238 |
||
| 856 | _u http://10.250.8.41:8080/xmlui/handle/123456789/46575 | ||
| 942 |
_2ddc _cSC |
||
| 999 |
_c611741 _d611741 |
||